| 000 | 00975nam a2200277 a 4500 | ||
|---|---|---|---|
| 003 | DO-SdBNP | ||
| 005 | 20240507194904.0 | ||
| 007 | ta | ||
| 008 | 221205e2020 sp adc|gr|||| 001 0 spa d | ||
| 040 |
_aDO-SdBNP _bspa _cBNPHU |
||
| 082 | 4 |
_222 _bB271p |
|
| 245 | 1 | 0 |
_aPanorama audiovisual iberoamericano 2020 / _cOscar Berrendo Pérez, Juan Antonio Serrano Fernández, Enrique Encinas Puebla. |
| 264 |
_aMadrid, España : _bEGEDA, _c2020 |
||
| 300 |
_a421 p. : _bil., gráf., retr. ; _c28 cm. |
||
| 500 | _aIncluye datos biográficos del autor en la página 16. | ||
| 504 | _aBibliografía: p. 417- 421 | ||
| 590 | _aInventariado 2022 / MF | ||
| 650 | 4 |
_aComunicación audiovisual _95191 |
|
| 650 | 0 |
_aIndustria cinematográfica _96451 |
|
| 650 | 4 |
_aEnseñanza Audiovisua _982992 |
|
| 700 | 1 |
_aBerrendo Pérez, Oscar. _982983 |
|
| 700 | 1 |
_aSerrano Fernández, Juan Antonio. _982984 |
|
| 700 | 1 |
_aEncinas Puebla, Enrique _982985 |
|
| 910 | _aMFeliz | ||
| 942 |
_2ddc _cLBS1 |
||
| 999 |
_c53064 _d53064 |
||